Biodegradovateľné polymérne materiály typu PLA/PHB/TPS vhodné pre 3D tlač

Gespeichert in:
Bibliographische Detailangaben
1. Verfasser: Roľková, Daniela (Verfasst von)
Weitere Verfasser: Plavec, Roderik (Betreuung Doktorarbeit)
Format: Manuskript Buch
Sprache:Slowakisch
Veröffentlicht: 2022
Schlagworte:
Online-Zugang:http://is.stuba.sk/zp/portal_zp.pl?podrobnosti=166180
Tags: Tag hinzufügen
Keine Tags, Fügen Sie das erste Tag hinzu!

MARC

LEADER 00000ntm a22000003a 4500
001 stuzp88962
003 SK-STU
005 20220604210338.2
007 ta
008 150427s2015----xo-----f-mn---000-0-slo-d
040 |a STU  |b slo 
041 0 |a slo 
100 1 |a Roľková, Daniela  |u 049370  |k Z4  |4 aut  |U FCHPT Ústav prírodných a syntetických polymérov  |T FCHPT Oddelenie plastov, kaučuku a vlákien  |X 81845  |U C9370  |Y 128  |7 81845 
242 0 1 |a Biodegradable Polymer Materials Based on PLA, PHB and TPS Suitable for 3D Printing  |y eng 
245 1 0 |a Biodegradovateľné polymérne materiály typu PLA/PHB/TPS vhodné pre 3D tlač 
260 |c 2022 
650 4 |a kyselina polymliečna  |2 slo 
650 4 |a termoplastický škrob  |2 slo 
650 4 |a 3D tlač  |2 slo 
650 4 |a polylactic acid  |2 eng 
650 4 |a thermoplastic starch  |2 eng 
650 4 |a 3D printing  |2 eng 
700 1 |a Plavec, Roderik  |u 049370  |k Z2  |4 ths  |U FCHPT Ústav prírodných a syntetických polymérov  |T FCHPT Oddelenie plastov, kaučuku a vlákien  |X 26421  |U C9370  |Y 128  |7 A000026421 
856 4 |u http://is.stuba.sk/zp/portal_zp.pl?podrobnosti=166180